NCAA Men's Basketball Coaches by Picture - Statistics

General Stats
  • This quiz has been taken 214 times
    109 since last reset
  • The average score is 112 of 365
Answer Stats
Picture Hint Answer % Correct
Kansas Bill Self
100%
Prairie View A&M Byron Smith
100%
Stanford Kyle Smith
100%
Tennessee State Nolan Smith
100%
Xavier Richard Pitino
100%
St. John's Rick Pitino
100%
Michigan State Tom Izzo
100%
Arizona State Bobby Hurley
90%
Connecticut Dan Hurley
90%
Arkansas John Calipari
90%
Duke Jon Scheyer
90%
Gonzaga Mark Few
90%
Maryland Buzz Williams
80%
Pacific Dave Smart
80%
Michigan Dusty May
80%
Purdue Matt Painter
80%
Jackson State Mo Williams
80%
Memphis Penny Hardaway
80%
Marquette Shaka Smart
80%
Auburn Bruce Pearl
70%
Wisconsin Greg Gard
70%
Creighton Greg McDermott
70%
Houston Kelvin Sampson
70%
Kentucky Mark Pope
70%
UCLA Mick Cronin
70%
Georgia Mike White
70%
Alabama Nate Oats
70%
Louisiana Quannas White
70%
Tennessee Rick Barnes
70%
Cal State Bakersfield Rod Barnes
70%
UAB Andy Kennedy
60%
Illinois Brad Underwood
60%
Grand Canyon Bryce Drew
60%
Ole Miss Chris Beard
60%
Northwestern Chris Collins
60%
Oregon Dana Altman
60%
Georgetown Ed Cooley
60%
USC Eric Musselman
60%
Penn Fran McCaffrey
60%
Nebraska Fred Hoiberg
60%
Oakland Greg Kampe
60%
North Carolina Hubert Davis
60%
BYU Kevin Young
60%
Virginia Tech Mike Young
60%
New Hampshire Nathan Davis
60%
Baylor Scott Drew
60%
Seton Hall Shaheen Holloway
60%
Florida Todd Golden
60%
NC State Will Wade
60%
Rhode Island Archie Miller
50%
Iowa Ben McCollum
50%
Clemson Brad Brownell
50%
DePaul Chris Holtmann
50%
Missouri State Cuonzo Martin
50%
Indiana Darian DeVries
50%
South Carolina State Erik Martin
50%
Massachusetts Frank Martin
50%
TCU Jamie Dixon
50%
Pittsburgh Jeff Capel
50%
Kansas State Jerome Tang
50%
UCF Johnny Dawkins
50%
Southern Kevin Johnson
50%
Villanova Kevin Willard
50%
Vanderbilt Mark Byington
50%
Sacramento State Mike Bibby
50%
Brown Mike Martin
50%
Charleston Pat Kelsey
50%
Louisville Pat Kelsey
50%
Wichita State Paul Mills
50%
Oklahoma Porter Moser
50%
Murray State Ryan Miller
50%
Texas Sean Miller
50%
Loyola Marymount Stan Johnson
50%
Nevada Steve Alford
50%
Texas State Terrence Johnson
50%
Iowa State T.J. Otzelberger
50%
Oregon State Wayne Tinkle
50%
Cincinnati Wes Miller
50%
Dayton Anthony Grant
40%
Elon Billy Taylor
40%
San Diego State Brian Dutcher
40%
Belmont Casey Alexander
40%
Florida A&M Charlie Ward
40%
Mississippi State Chris Jans
40%
Marshall Cornelius Jackson
40%
Georgia Tech Damon Stoudamire
40%
Cal State Fullerton Dedrique Taylor
40%
Missouri Dennis Gates
40%
Stetson Donnie Jones
40%
Alabama A&M Donte Jackson
40%
Green Bay Doug Gottlieb
40%
Loyola Chicago Drew Valentine
40%
Boston College Earl Grant
40%
Texas Tech Grant McCasland
40%
Yale James Jones
40%
Boston University Joe Jones
40%
Air Force Joe Scott
40%
Texas Southern Johnny Jones
40%
Providence Kim English
40%
Monmouth King Rice
40%
Samford Lennie Acuff
40%
Boise State Leon Rice
40%
California Mark Madsen
40%
Old Dominion Mike Jones
40%
UNC Greensboro Mike Jones
40%
Penn State Mike Rhoades
40%
Minnesota Niko Medved
40%
Saint Mary's Randy Bennett
40%
Bethune-Cookman Reggie Theus
40%
Liberty Ritchie McKay
40%
Norfolk State Robert Jones
40%
Valparaiso Roger Powell
40%
Tulane Ron Hunter
40%
Virginia Ryan Odom
40%
San Diego Steve Lavin
40%
Rutgers Steve Pikiell
40%
Colorado Tad Boyle
40%
Butler Thad Matta
40%
Harvard Tommy Amaker
40%
Arizona Tommy Lloyd
40%
Syracuse Adrian Autry
30%
VMI Andrew Wilson
30%
SMU Andy Enfield
30%
Eastern Kentucky A.W. Hamilton
30%
Milwaukee Bart Lundy
30%
Saint Peter's Bashir Mason
30%
Northern Iowa Ben Jacobson
30%
Tarleton State Billy Gillispie
30%
Southeast Missouri State Brad Korn
30%
SIU Edwardsville Brian Barone
30%
Bradley Brian Wardle
30%
Stonehill Chris Kraus
30%
Richmond Chris Mooney
30%
Sam Houston State Chris Mudge
30%
North Texas Daniyal Robinson
30%
Washington Danny Sprinkle
30%
Little Rock Darrell Walker
30%
West Georgia Dave Moore
30%
Evansville David Ragland
30%
North Dakota State David Richman
30%
Western Michigan Dwayne Stephens
30%
Drake Eric Henderson
30%
Stony Brook Geno Ford
30%
Santa Clara Herb Sendek
30%
Hampton Ivan Thomas
30%
Ohio State Jake Diebler
30%
Alcorn State Jake Morton
30%
Ohio Jeff Boals
30%
Utah State Jerrod Calhoun
30%
Bucknell John Griffin III
30%
Georgia State Jonas Hayes
30%
Saint Louis Josh Schertz
30%
Coastal Carolina Justin Gray
30%
Howard Kenny Blakeney
30%
Morgan State Kevin Broadus
30%
South Carolina Lamont Paris
30%
NC Central LeVelle Moton
30%
Eastern Illinois Marty Simmons
30%
Davidson Matt McKillop
30%
LSU Matt McMahon
30%
Notre Dame Micah Shrewsberry
30%
East Carolina Michael Schwartz
30%
Fordham Mike Magpayo
30%
Princeton Mitch Henderson
30%
Florida Gulf Coast Pat Chambers
30%
James Madison Preston Spradlin
30%
Jacksonville State Ray Harper
30%
LIU Rod Strickland
30%
Longwood Ronnie Thomas
30%
Illinois State Ryan Pedon
30%
Southern Illinois Scott Nagy
30%
Hofstra Speedy Claxton
30%
Eastern Michigan Stan Heath
30%
Wake Forest Steve Forbes
30%
Oklahoma State Steve Lutz
30%
San Jose State Tim Miles
30%
George Mason Tony Skinn
30%
Miami (OH) Travis Steele
30%
Temple Adam Fisher
20%
Colorado State Ali Farokhmanesh
20%
Lamar Alvin Brooks
20%
Robert Morris Andrew Toole
20%
CSUN Andy Newman
20%
Sacred Heart Anthony Latina
20%
Kennesaw State Antoine Pettway
20%
Northeastern Bill Coen
20%
Saint Joseph's Billy Lange
20%
Furman Bob Richey
20%
Abilene Christian Brette Tanner
20%
Lehigh Brett Reed
20%
East Tennessee State Brooks Savage
20%
Texas A&M Bucky McMillan
20%
Western Illinois Chad Boudreau
20%
Georgia Southern Charlie Henry
20%
Maine Chris Markwood
20%
Seattle U Chris Victor
20%
Maryland Eastern Shore Cleo Hill Jr.
20%
Austin Peay Corey Gipson
20%
Eastern Washington Dan Monson
20%
Northern Kentucky Darrin Horn
20%
La Salle Darris Nichols
20%
Southeastern Louisiana David Kiefer
20%
Washington State David Riley
20%
Bellarmine Doug Davenport
20%
American Duane Simpkins
20%
Appalachian State Dustin Kerns
20%
Wofford Dwight Perry
20%
The Citadel Ed Conroy
20%
Hawaii Eran Ganot
20%
Weber State Eric Duft
20%
Tulsa Eric Konkol
20%
New Mexico Eric Olen
20%
South Dakota Eric Peterson
20%
Buffalo George Halcovage
20%
Mississippi Valley State George Ivory
20%
NJIT Grant Billmeier
20%
Queens (NC) Grant Leonard
20%
Niagara Greg Paulus
20%
Fairleigh Dickinson Jack Castleberry
20%
Miami Jai Lucas
20%
Bryant Jamion Christian
20%
Texas A&M - Commerce Jaret von Rosenberg
20%
Portland State Jase Coburn
20%
New Mexico State Jason Hooten
20%
Southern Miss Jay Ladner
20%
Florida International Jeremy Ballard
20%
Coppin State Jermaine Woods
20%
Canisius Jim Christian
20%
UC Davis Jim Les
20%
Texas A&M - CC Jim Shaw
20%
UTEP Joe Golding
20%
UC Santa Barbara Joe Pasternack
20%
Marist John Dunne
20%
St. Thomas (MN) John Tauer
20%
Purdue Fort Wayne Jon Coffman
20%
Utah Tech Jon Judkins
20%
Navy Jon Perry
20%
Jacksonville Jordan Mincy
20%
UNLV Josh Pastner
20%
Rider Kevin Baggett
20%
Army Kevin Kuwik
20%
UT Arlington K.T. Turner
20%
Lindenwood Kyle Gerdeman
20%
Chicago State Landon Bussie
20%
UTRGV Lane Lord
20%
Delaware Martin Ingelsby
20%
Kansas City Marvin Menzies
20%
Colgate Matt Langel
20%
Montana State Matt Logie
20%
Ball State Michael Lewis
20%
Lafayette Mike McGarvey
20%
UNC Asheville Mike Morrell
20%
North Carolina &T Monté Ross
20%
Le Moyne Nate Champion
20%
Middle Tennessee State Nick McDevitt
20%
Central Connecticut Patrick Sellers
20%
Towson Pat Skerry
20%
North Dakota Paul Sather
20%
VCU Phil Martelli Jr.
20%
Presbyterian Quinton Ferrell
20%
Northern Illinois Rashon Burno
20%
South Alabama Richie Riley
20%
Northwestern State Rick Cabrera
20%
California Baptist Rick Croy
20%
Southern Utah Rob Jeter
20%
Rice Rob Lanier
20%
Kent State Rob Senderoff
20%
UC Irvine Russell Turner
20%
Idaho State Ryan Looney
20%
Troy Scott Cross
20%
Northern Arizona Shane Burcar
20%
Portland Shantay Legans
20%
Southern Indiana Stan Gouard
20%
Delaware State Stan Waterman
20%
Northern Colorado Steve Smiley
20%
Wyoming Sundance Wicks
20%
Louisiana Tech Talvin Hester
20%
Western Carolina Tim Craft
20%
Utah Valley Todd Phillips
20%
Bowling Green Todd Simon
20%
Quinnipiac Tom Pecora
20%
Alabama State Tony Madlock
20%
North Alabama Tony Pujol
20%
Montana Travis DeCuire
20%
Radford Zach Chu
20%
Drexel Zach Spiker
20%
Charlotte Aaron Fearne
10%
Utah Alex Jensen
10%
Central Michigan Andy Bronkema
10%
UTSA Austin Claunch
10%
McNeese Bill Armstrong
10%
William & Mary Brian Earl
10%
South Florida Bryan Hodgson
10%
Long Beach State Chris Acker
10%
Fairfield Chris Casey
10%
Wright State Chris Sargent
10%
Houston Christian Craig Doty
10%
Chattanooga Dan Earl
10%
Iona Dan Geriot
10%
Dartmouth David McLaughlin
10%
Mount St. Mary's Donny Lind
10%
Duquesne Dru Joyce III
10%
Albany Dwayne Killings
10%
Youngstown State Ethan Faulkner
10%
Siena Gerry McNamara
10%
UC Riverside Gus Argenal
10%
Gardner-Webb Jeremy Luther
10%
UT Martin Jeremy Shulman
10%
UMBC Jim Ferry
10%
Merrimack Joe Gallo
10%
Vermont John Becker
10%
Manhattan John Gallagher
10%
Florida Atlantic John Jakus
10%
Tennessee Tech John Pelphrey
10%
Central Arkansas John Shulman
10%
Columbia Kevin Hovde
10%
Binghamton Levell Sanders
10%
Florida State Luke Loucks
10%
Detroit Mercy Mark Montgomery
10%
Winthrop Mark Prosser
10%
St. Bonaventure Mark Schmidt
10%
Indiana State Matthew Graves
10%
Cal Poly Mike DeGeorge
10%
Grambling State Patrick Crarey II
10%
UIC Rob Ehsan
10%
Cleveland State Rob Summers
10%
West Virginia Ross Hodge
10%
Arkansas State Ryan Pannone
10%
Charleston Southern Saah Nimley
10%
Arkansas - Pine Bluff Solomon Bozeman
10%
New Orleans Stacy Hollowell
10%
UNC Wilmington Takayo Siddle
10%
New Haven Ted Hotaling
10%
Nicholls Tevon Saddler
10%
Toledo Tod Kowalczyk
10%
Fresno State Vance Walberg
10%
Idaho Alex Pribble
0%
IU Indy Ben Howlett
0%
North Florida Bobby Kennen
0%
South Dakota State Bryan Petersen
0%
George Washington Chris Caputo
0%
Omaha Chris Crutchfield
0%
San Francisco Chris Gerlufsen
0%
UC San Diego Clint Allard
0%
Holy Cross Dave Paulsen
0%
Wagner Donald Copeland
0%
Pepperdine Ed Schilling
0%
High Point Flynn Clayman
0%
Mercyhurst Gary Manchel
0%
Western Kentucky Hank Plona
0%
Campbell John Andrzejek
0%
Morehead State Jonathan Mattox
0%
Cornell Jon Jaques
0%
Loyola (MD) Josh Loeffler
0%
Lipscomb Kevin Carroll
0%
Oral Roberts Kory Barnett
0%
Saint Francis (PA) Luke McConnell
0%
USC Upstate Marty Richter
0%
Stephen F. Austin Matt Braeuer
0%
UMass Lowell Pat Duquette
0%
Louisiana-Monroe Phil Cunningham
0%
Akron Ryan Gensler
0%
Mercer Ryan Ridder
0%
Incarnate Word Shane Heirman
0%
Denver Tim Bergstraser
0%
No matching quizzes found
Score Distribution
Percent of People with Each Score
Percentile by Number Answered
Your Score History
You have not taken this quiz since the last reset